LEADER 01258nam a2200265 4500 001 000000361103 003 CaOOAMICUS 005 20241209115526.0 008 241209s2020 it 000 u ita r 020 $a978-88-935947-8-3 040 $aSeMil$bita 100 1 $aGazzetta, Liviana,$d<1961- >.$0(OLS)http://semarc/name/121139 245 10$aVirgo et sacerdos :$bidee di sacerdozio femminile tra Ottocento e Novecento /$cLiviana Gazzetta. 264 1$aRoma :$bEdizioni di Storia e Letteratura,$c2020. 300 $aX, 132 p. ;$c24 cm 490 1 $aTemi e testi. Donne, fedi, culture ;$v200 650 4$aSacerdozio - Donna - Sec. 19.-20.$0(OLS)http://semarc/subject/56795 650 4$aDonna - Chiesa.$0(OLS)http://semarc/subject/34925 830 0$aTemi e testi. Donne, fedi, culture ;$v200.$0(OLS)http://semarc/title/451754 850 $aSeMil 852 $aSeMil$W1$xVenegono$y1$m3F IV 779$j253256$B252081$CSeMilBibl$Z2$F252081 $81 996 $6020$a978-88-935947-8-3$9(OLS)http://semarc/number/302039 996 $6245$aVirgo et sacerdos :$bidee di sacerdozio femminile tra Ottocento e Novecento$9(OLS)http://semarc/title/451752 996 $6264$aRoma :$bEdizioni di Storia e Letteratura$9(OLS)http://semarc/publisher/29779 LEADER 00968nam a2200241 i 4500 001 000000036708 003 CaOOAMICUS 005 19931231000000.0 008 931231s1991 fr u000 u mul u 013 $a6460 020 $a2-204-04343-5 040 $aSeMil$bita 245 10$aLivre 2. /$ctexte critique, traduction et notes par René Braun. 300 $a234 p. 490 0 $aSources Chrétiennes ;$vN°368 700 1 $aBraun, René <1920-2010>.$0(OLS)http://semarc/name/4690 773 0 $aTertullianus, Quintus Septimius Florens $tContre Marcion.$dParis : Les Éditions du Cerf, 1990.$g2$w()3516 830 0$aSources chrétiennes ;$vN°368.$0(OLS)http://semarc/title/72 850 $aSeMil 852 $aSeMil$W1$xVenegono$y1$mSL1.T VII 368$j2863$B2863$CSeMilBibl$Z2$F2863 $8I 961 $aSottoscrizione: Cerf (Éditions) 996 $6020$a2-204-04343-5$9(OLS)http://semarc/number/5465 996 $6245$aLivre 2.$9(OLS)http://semarc/title/50983